000 00561nam a2200181Ia 4500
999 _c14104
_d14104
003 OSt
005 20201019105805.0
008 190216s9999||||xx |||||||||||||| ||und||
020 _a9788120718883
040 _coclc
082 _a306.740954
_bMAI/T
100 _a Maitra, Kiranshankar
_95877
245 4 _aThe Twilight Zone Ladies Of The Night /
_cKiranshankar Maitra
260 _bSterling Publications,
_c1999.
_aNew Delhi:
300 _a156p
650 _aEnglish General
942 _cBK
_2ddc
_h306.740954
_iMAI/T
_k306.740954
_mMAI/T